• 首页
  • 本馆介绍
  • 公告通知
  • 最新文献
  • 馆藏检索
  • 电子资源
  • 读者导购
  • 参考咨询
  • 我的图书馆
  • 登录
  • 详细信息显示
  • 放入我的书架
  • 预约/预借图书
  • 作者相关作品
  • 分类相关作品
  • 丛书相关作品
  • 出版社相关作品

书目信息

  • 表格格式
  • 工作单格式
  • 卡片格式
题名:
解析深度学习
    
 
作者: 俞栋 , 邓力 著 ;俞凯 , 钱彦旻 译
分册:  
出版信息: 北京   电子工业出版社  2016.12
页数: 29,290页
开本: 24cm
丛书名:
单 册:
中图分类: TN912.34
科图分类:
主题词: 人工智能--应用--语音识别--研究
电子资源:
ISBN: 978-7-121-28796-1
000 01568nam0 2200337 450
001 0400004018
005 20171023111340.0
010    @a978-7-121-28796-1@dCNY79.00
100    @a20160923e2016 em y0chiy50 ea
101 1  @achi@ceng
102    @aCN@b110000
105    @ay az 000yy
106    @ar
200 1  @a解析深度学习@9jie xi shen du xue xi@e语音识别实践@f(美)俞栋,(美)邓力著@g俞凯,钱彦旻等译
210    @a北京@c电子工业出版社@d2016.12
215    @a29,290页@d24cm
314    @a俞栋,1998年加入微软公司,现任微软研究院首席研究员等。现担任IEEE语音语言处理专业委员会委员。
314    @a邓力,世界著名人工智能、机器学习和语音语言信号处理专家,现任微软首席人工智能科学家和深度学习技术中心研究经理。
314    @a俞凯,IEEE高级会员,上海交通大学计算机科学与工程系特别研究员。英国剑桥大学工程系博士。
314    @a钱彦旻,上海交通大学计算机科学与工程系助理研究员,博士。
320    @a有书目(第255-290页)
330    @a本书是首部介绍语音识别中深度学习技术细节的专著。全书首先概要介绍了传统语音识别理论和经典的深度神经网络核心算法。接着全面而深入地介绍了深度学习在语音识别中的应用,包括“深度神经网络-隐马尔可夫混合模型”的训练和优化,特征表示学习、模型融合、自适应,以及以循环神经网络为代表的若干先进深度学习技术。
517 1  @a语音识别实践@9yu yin shi bie shi jian
606 0  @a人工智能@x应用@x语音识别@x研究
690    @aTN912.34@v5
701  0 @c(美)@a俞栋@9yu dong@4著
701  0 @c(美)@a邓力@9deng li@4著
702  0 @a俞凯@9yu kai@4译
702  0 @a钱彦旻@9qian yan min@4译
801  0 @aCN@b91MARC@c20171023
905    @b1027731-5@dTN912.34@f5@e83
    
    解析深度学习:语音识别实践/(美)俞栋,(美)邓力著/俞凯,钱彦旻等译.-北京:电子工业出版社,2016.12
    29,290页;24cm
    
    
    ISBN 978-7-121-28796-1:CNY79.00
    本书是首部介绍语音识别中深度学习技术细节的专著。全书首先概要介绍了传统语音识别理论和经典的深度神经网络核心算法。接着全面而深入地介绍了深度学习在语音识别中的应用,包括“深度神经网络-隐马尔可夫混合模型”的训练和优化,特征表示学习、模型融合、自适应,以及以循环神经网络为代表的若干先进深度学习技术。
●
相关链接 在E读中查询图书 在五车中查询图书 在当当中查询图书 在豆瓣中查询图书


正题名:解析深度学习     索取号:TN912.34/83         预约/预借

序号 登录号 条形码 馆藏地/架位号 状态 备注
1 1027731   210277314   第二样本阅览室/ [索取号:TN912.34/83] 在馆    
2 1027732   210277323   密集书库-物理学院/ [索取号:TN912.34/83] 在馆    
3 1027733   210277332   第三借阅区/ [索取号:TN912.34/83] 在馆    
4 1027734   210277341   第三借阅区/ [索取号:TN912.34/83] 在馆    
5 1027735   210277350   第三借阅区/ [索取号:TN912.34/83] 在馆    
唐山师范学院图书馆 欢迎您!
大连网信软件有限公司© 版权所有